000
00295nam a2200133Ia 4500
008
201214s9999 xx 000 0 und d
100
_a
Robbins, Stephen
245
0
_a
Organization Behaviour
260
_a
New Jersey
260
_b
Prentice Hall
260
_c
1982
300
_a
564
942
_c
BK
999
_c
5885
_d
5885